000 00489nam a2200169Ia 4500
008 090201s9999 xx 000 0 und d
010 _aKPL-42584
040 _bमराठी
041 _aमराठी
082 _a8215
_b42584
100 _aजनार्दन ओक
245 _aचक्रव्युह
_cजनार्दन ओक
260 _c2004
_bराजयोग
300 _a190
_bमोठा
600 _aचक्रव्युह
942 _cBOOK
999 _c208839
_d208839